Kołeda bezdomnego

Bibliographic Details
Corporate Authors: Kolęda dla Bezdomnego, Wigilia Słowa Konfraterni Poetów
Format: Conference Proceeding Book
Language:Polish
PhysicalDescription:74, [6] s. ilustr. 17 cm
Published: Kraków Oficyna Konfraterni Poetów Towarzystwo Słowaków w Polsce 2010
ISBN:9788389045850
9788374902847
Subjects:

MARC

LEADER 00000nam a2200000 a 4500
001 vtls010271193
003 SK-MaSNL
005 20260301031655.0
008 180809s2010 pl a 000 p pol
015 |a SNBZSA2012-00255 
020 |a 9788389045850  |q (brož.) 
020 |a 9788374902847 
040 |a SNK  |b slo  |c SNK  |e AACR2 
041 0 |a pol 
044 |a pl  |c PL 
072 7 |a 821.162.1  |x Poľská literatúra  |2 konspekt 
080 |a 821.162.1-1  |x (082.2)  |2 2001 
245 0 0 |a Kołeda bezdomnego  |c [redakcja: Jacek Lubart-Krzysica] 
260 |a Kraków  |b Oficyna Konfraterni Poetów  |b Towarzystwo Słowaków w Polsce  |c 2010 
300 |a 74, [6] s.  |b ilustr.  |c 17 cm 
650 0 7 |a poľská poézia  |2 SNKPH  |9 83028 
650 0 7 |a narodenie Ježiša Krista  |x poézia  |2 snkph  |9 327562 
655 7 |a antológie  |2 SNKPH  |9 70414 
700 1 |a Lubart-Krzysica, Jacek,  |d 1942-  |4 red  |9 136572 
710 2 |a Spolok Slovákov v Poľsku (Krakov, Poľsko)  |4 pbl  |9 151789 
710 2 |a Konfraternia Poetów (Krakov, Poľsko)  |4 pbl  |9 162657 
711 2 |a Kolęda dla Bezdomnego  |n (7. :  |d 2010 :  |c Krakov, Poľsko)  |9 327563 
711 2 |a Wigilia Słowa Konfraterni Poetów  |n (23.  |d 2010 :  |c Niepołomice, Poľsko)  |9 327564 
919 |a 978-83-89045-85-0 
919 |a 978-83-7490-284-7 
958 |a ZS 
958 |a PL 
958 |a LX 
999 |c 577115  |d 579045 
952 |a SNK  |b SNK  |y PREZ  |7 0  |p 17A0701616  |o snkSD 80095  |i snk2011/9593  |8 2  |g 2.95  |0 0  |1 0  |4 0  |d 2011-04-14  |l 0  |r 2025-11-27 00:00:00  |w 2026-02-23 
952 |a SNK  |b SNK  |y VYP  |7 0  |p 17A0701615  |o snkSD 80095 D1  |i snk2011/9594  |8 2  |g 2.95  |0 0  |1 0  |4 0  |d 2011-04-14  |l 0  |r 2017-06-30 00:00:00  |w 2026-02-23